Galileo : el hombre, su obra, su infortunio /

Kaydedildi:
Detaylı Bibliyografya
Yazar: Brodrick, James (autor)
Materyal Türü: Kitap
Dil:İspanyolca
Baskı/Yayın Bilgisi: Estella, España : Verbo Divino, 1970, c1970
Konular:
Etiketler: Etiketle
Etiket eklenmemiş, İlk siz ekleyin!

MARC

LEADER 00000nam^a2200000^a^4500
001 000010961
005 20250521000000.0
009 20260310083724.655
037 |a Acervo ITESO - Biblioteca 
041 |a ESP 
082 |a 509. 2  |b BRO 
100 |a Brodrick, James  |e (autor) 
240 1 1 |a [Galileo: el hombre, su obra, su infortunio] 
245 1 0 |a Galileo :  |b el hombre, su obra, su infortunio /  |c J. Brodrick ; tr. por Ramón Valdés del Toro. 
264 4 |a Estella, España :  |b Verbo Divino,  |c 1970, c1970 
300 |a 167 p. 
336 |a texto  |b txt  |2 rdacontenido 
337 |a sin mediación  |b n  |2 rdamedio 
338 |a volumen  |b nc  |2 rdasoporte 
500 |a Traducción de: Galileo, The Man, his Work, his Misfortunes 
545 0 |a Galileo Galilei (1564-1642), científico italiano nacido en Pisa. Fue el precursor de la ciencia moderna, defendió la aplicación de las matemáticas en la naturaleza y asentó el procedimiento científico que propició con sus investigaciones la separación de la ciencia y la religión. A los 25 años se le asignó la cátedra de matemáticas en Pisa. En 1610 desarrolló el telescopio y mostró las montañas en la luna, los satélites de Júpiter y las fases de Venus. Los descubrimientos astronómicos de Galileo apoyaron el sistema copernicano lo que le causó serios problemas con la Iglesia, que se incrementaron en 1632 con la publicación de su obra Diálogo, misma que fue desaprobada por la Inquisición y con ello comenzó un largo proceso inquisitorial que llevó a Galileo a abdicar de sus ideas y terminar confinado en una villa en Florencia hasta su muerte. 
649 |a XX 
650 |a Astrónomos Italianos -  |x Biografías 
650 |a Científicos Italianos -  |x Biografías 
650 |a Astronomía -  |x Historia 
650 |a Iglesia Católica en Italia -  |x Historia 
650 |a Religión y Ciencia -  |x Historia 
650 |a Ciencia -  |x Historia -  |y Siglo XVII 
650 |a Galilei, Galileo -  |x Tema Principal 
910 |a Fondo General 
920 |a Impresos - Libros 
930 |a Colección General 
905 |a 101 
901 |a 0109610100  |b IT1  |c ACC  |i 010961  |u 20250521 
902 |a https://opac.biblio.iteso.mx/vufind/Record/000010961